000
00353nam a2200133Ia 4500
008
100328s9999 xx 000 0 und d
082
_b
57894
100
_a
जोशी प्रकाश
245
_a
मावळमौजा
260
_b
आपलं
630
_a
मावळमौजा
730
_a
मावळमौजा
942
_c
BOOK
999
_c
544294
_d
544291